Evénements du 10 décembre - Statistiques

Statistiques générales
  • Ce quiz a été pris 43 fois
  • Le résultat moyen est 8 sur 15
Statistiques - réponses
Hint Réponse % Correct
Ouverture du procès de Louis XVI 1792
91%
Adoption par l'ONU de la Déclaration Universelle des Droits de l'Homme 1948
89%
Martin Luther King reçoit le Prix Nobel de la Paix 1967
74%
Ce jour n'a pas existé en France du fait de l'adoption du calendrier grégorien 1582
69%
1ère distribution de Prix Nobel 1901
63%
Fin des travaux du tunnel sous la Manche 1993
63%
Louis-Napoléon Bonaparte est élu président de la République 1848
60%
Le Polonais Lech Walesa 1983
46%
Mgr Desmond Tutu, Sud-Africain, reçoit le Prix Nobel de la Paix 1984
46%
Les électeurs de Bade, du Wurtemberg et de Bavière deviennent rois 1805
43%
Le Dr Albert Schweitzer reçoit le Prix Nobel de la Paix 1952
40%
Loi sur le système métrique en France 1799
29%
Marcel Proust reçoit le Prix Goncourt 1919
29%
Aristide Briand reçoit le Prix Nobel de la Paix 1926
26%
Le Mississippi devient le 20e état américain 1817
23%
Aucun quiz correspondant
Distribution des résultats
% des personnes avec chaque résultat
Percentile par nombre de réponses
Votre historique - résultats
Vous n’avez pas pris ce quiz